Inventari dels pergamins de l'Arxiu Històric 'Fidel Fita' d'Arenys de Mar / per Josep M. Pons i Guri
ISBN:
84-500-9474-7
Descripción Física:
696 p. ; 24 cm
MARC
| LEADER | 00000nam a2200000Ia 4500 | ||
|---|---|---|---|
| 001 | 1513 | ||
| 008 | 160829s1984 xx 000 0 cat d | ||
| 020 | |a 84-500-9474-7 | ||
| 080 | |a A-1-207 | ||
| 100 | 1 | |a Pons i Guri, Josep M. |q (Josep Maria), |d 1909-2005 |9 26875 | |
| 245 | |a Inventari dels pergamins de l'Arxiu Històric 'Fidel Fita' d'Arenys de Mar / per Josep M. Pons i Guri | ||
| 260 | |a Barcelona : |b Departament de Cultura de la Generalitat de Catalunya, |c 1984 | ||
| 300 | |a 696 p. ; |c 24 cm | ||
| 590 | |a A la part superior de la portada: Direcció General del Patrimoni Escrit i Documental. Servei d'Arxius. | ||
| 590 | |a Índexs | ||
| 650 | |a Arxiu Històric Fidel Fita |x Catàlegs |9 32370 | ||
| 650 | |a Manuscrits |x Arenys de Mar |x Catàlegs |9 32371 | ||
| 710 | 1 | |a Catalunya. |b Servei d'Arxius |9 2924 | |
| 901 | |a Arxiu | ||
| 942 | |n 1 | ||
| 952 | |0 0 |1 0 |4 0 |6 A1207 |7 1 |9 45959 |a Arxiu |b Arxiu |d 2016-12-01 |l 0 |o A-1-207 |p 1513 |r 2016-12-01 00:00:00 |w 2016-12-01 |y ARXIU | ||
| 999 | |c 49460 |d 49460 | ||